000 00243nam a2200109Ia 4500
008 220204s9999 xx 000 0 und d
082 _a82-3
_bBEN
100 _aR H
245 4 _aThe Necromancers
260 _aLondon
_bSphere
_c1974
942 _cBK
999 _c28917
_d28917